000
00389nam a22001457a 4500
005
20251108171808.0
008
250721s1977 xx 000 0 ara d
082
1
4
_a
ق/محم
100
1
_a
عودة، محمد
245
1
0
_a
الباشا و الثورة /
264
1
_a
القاهرة :
_b
مؤسسة روز اليوسف،
_c
1977.
300
_a
86ص
942
_2
ddc
_c
BK
999
_c
62731
_d
62731